| 000 | 01090nam a2200265Ia 4500 | ||
|---|---|---|---|
| 003 | GCL | ||
| 008 | 140319s9999 xx 000 0 ara d | ||
| 040 |
_aGCL / _cGCL |
||
| 082 | 0 | 4 |
_aق _b953.0962 _bج ت |
| 100 | 1 | _aالجبرتى : عبدالرحمن بن حسن، 1167-1237 هـ | |
| 245 | 1 | 0 |
_aتاريخ عجائب الاثار فى التراجم والاخبار / _cالجبرتى : عبدالرحمن بن حسن، 1167-1237 هـ |
| 260 |
_aبيروت : _bدار الجيل |
||
| 300 |
_a3 مج ؛ _c24 سم |
||
| 650 | 0 | 4 | _aالتصوف |
| 650 | 0 | 4 | _aالاثار الاسلامية |
| 650 | 0 | 4 | _aالمجتمع المصرى |
| 650 | 0 | 4 | _aالملوك والحكام |
| 650 | 0 | 4 | _aنابليون بونابرت |
| 650 | 0 | 4 | _aمصر - الاحوال الثقافية |
| 650 | 0 | 4 | _aالعالم العربى - تاريخ - العصر العثمانى |
| 650 | 0 | 4 | _aمصر - الاحوال الاقتصادية |
| 650 | 0 | 4 | _aمصر - تاريخ - عصر المماليك ( 1250-1517 م ) |
| 650 | 0 | 4 | _aمصر - تاريخ - العصر الحديث |
| 942 |
_2ddc _cBK |
||
| 999 |
_c52936 _d52936 |
||